MARC

LEADER 00000nam0a2200000 4500
001 253788
005 20231101232857.0
010 |a 5420003856 
035 |a (RuTPU)RU\TPU\book\276200 
090 |a 253788 
100 |a 20140317d1989 k y0rusy50 ca 
101 0 |a rus 
102 |a LT 
105 |a a z 001zy 
200 1 |a Анализ структуры задач оптимизации  |f В. Р. Шалтянис  |g Академия наук Литовской ССР (АН ЛитССР), Институт математики и кибернетики 
210 |a Вильнюс  |c Мокслас  |d 1989 
215 |a 123 с.  |c ил. 
320 |a Библиогр.: с. 116-120. 
606 1 |a Оптимизация, теория  |2 stltpush  |3 (RuTPU)RU\TPU\subj\69558  |9 84360 
610 1 |a задачи 
610 1 |a анализ 
610 1 |a структуры 
610 1 |a упрощение 
610 1 |a аппроксимация 
610 1 |a структурные характеристики 
610 1 |a методы оценивания 
610 1 |a неортогональные измерения 
610 1 |a человек-машина 
675 |a 519.8  |v 3 
700 1 |a Шалтянис  |b В. Р.  |g Видунас Раполович 
712 0 2 |a Академия наук Литовской ССР (АН ЛитССР)  |b Институт математики и кибернетики  |2 stltpush  |3 (RuTPU)RU\TPU\col\14469 
801 1 |a RU  |b 63413507  |c 20140317 
801 2 |a RU  |b 63413507  |c 20191113  |g RCR 
942 |c BK